| 000 | 00518nam a22001697a 4500 | ||
|---|---|---|---|
| 005 | 20241001094610.0 | ||
| 008 | 240912b |||||||| |||| 00| 0 eng d | ||
| 020 | _a1-840380419-0 | ||
| 082 |
_a635.9 _bMCH-U |
||
| 100 | _aMcHoy, Peter | ||
| 245 |
_aUltimate Practical Gardener : _bthe complete step-by-step guide to successful gardening / _cby Peter McHoy |
||
| 260 |
_aSingapore : _bHermas House ; _c2001 |
||
| 300 |
_a256 p. : _bill ; _c29 cm . |
||
| 500 | _aInclude Index. | ||
| 650 | _aAgriculture | ||
| 999 |
_c36570 _d36570 |
||